[Event "Drammen CC-ch Class2"]
[Site "Drammen"]
[Date "2016.01.12"]
[Round "1"]
[White "Egede Nissen, Bjorn"]
[Black "Hamre, Einar"]
[Result "1-0"]
[WhiteElo "1900"]
[BlackElo "1815"]
[PlyCount "87"]
[EventDate "2016.02.02"]
[EventType "swiss"]
[EventRounds "9"]
[EventCountry "NOR"]
[SourceTitle "EXT 2024"]
[Source "ChessBase"]
[SourceDate "2023.10.10"]
[SourceVersion "1"]
[SourceVersionDate "2023.10.10"]
[SourceQuality "1"]

1. Nf3 d5 2. d4 Nf6 3. c4 c6 4. e3 e6 5. Bd3 Bb4+ 6. Bd2 Bd6 7. Nc3 b6 8. e4 dxe4 9. Nxe4 Nxe4 10. Bxe4 Bb7 11. 0-0 Nd7 12. Rc1 Nf6 13. Bb1 Qc7 14. c5 bxc5 15. dxc5 Bf4 16. Qa4 Bxd2 17. Nxd2 0-0 18. Nf3 a5 19. Rfe1 Rad8 20. Qh4 Rd5 21. Ng5 g6 22. Rc3 Rfd8 23. Bc2 Rd4 24. Qh6 Qf4 25. g3 Qg4 26. Rf3 R4d5 27. Nxe6 fxe6 28. Rxf6 Rh5 29. Qe3 Bc8 30. Bb3 Re8 31. Bd1 Qg5 32. Rf4 Qxc5 33. Bxh5 Qxh5 34. Qa7 g5 35. Qc5 Qg6 36. Rfe4 Kf7 37. Qxa5 Re7 38. f4 h6 39. f5 Qf6 40. fxe6+ Kg6 41. Rf1 Qxb2 42. Qf5+ Kg7 43. Qf8+ Kg6 44. Qxe7 1-0

[Event "Drammen CC Autumn"]
[Site "Drammen"]
[Date "2014.08.19"]
[Round "1"]
[White "Emgard, Runar"]
[Black "Egede Nissen, Bjorn"]
[Result "0-1"]
[WhiteElo "1451"]
[BlackElo "1918"]
[PlyCount "56"]
[EventDate "2014.08.19"]
[EventType "swiss"]
[EventRounds "6"]
[EventCountry "NOR"]
[SourceTitle "EXT 2024"]
[Source "ChessBase"]
[SourceDate "2023.10.10"]
[SourceVersion "1"]
[SourceVersionDate "2023.10.10"]
[SourceQuality "1"]

1. Nf3 f5 2. d4 Nf6 3. c4 e6 4. Nc3 Be7 5. e3 0-0 6. Bd3 d6 7. Qc2 Qe8 8. 0-0 Qh5 9. e4 Nc6 10. a3 Ng4 11. h3 Nh6 12. Ne2 Bd7 13. Nf4 Qf7 14. d5 Nd8 15. e5 Kh8 16. b4 c6 17. exd6 Bxd6 18. Ng5 Qf6 19. Nh5 Qg6 20. g4 e5 21. f4 e4 22. Be2 fxg4 23. Ng3 cxd5 24. cxd5 gxh3 25. N3xe4 Bf5 26. Bd3 Ndf7 27. Kh1 Rac8 28. Qe2 Nxg5 0-1

[Event "NOR-chT"]
[Site "Fagernes"]
[Date "2013.09.29"]
[Round "6.8"]
[White "Egede Nissen, Bjorn"]
[Black "Kjolberg, Jens Hjorth"]
[Result "1-0"]
[WhiteElo "2051"]
[BlackElo "2031"]
[PlyCount "67"]
[EventDate "2013.09.27"]
[EventType "team-swiss"]
[EventRounds "6"]
[EventCountry "NOR"]
[SourceTitle "CBM 156 Extra"]
[Source "ChessBase"]
[SourceDate "2013.10.22"]
[SourceVersion "1"]
[SourceVersionDate "2013.10.22"]
[SourceQuality "1"]
[WhiteTeam "Drammen"]
[BlackTeam "Oslo SK 1911"]
[WhiteTeamCountry "NOR"]
[BlackTeamCountry "NOR"]

1. e4 e6 2. d4 d5 3. Nd2 Be7 4. e5 c5 5. c3 Nc6 6. Ngf3 cxd4 7. cxd4 Qb6 8. a3 Nxd4 9. Nxd4 Qxd4 10. Bb5+ Kf8 11. Qe2 a6 12. Bd3 Bd7 13. Nf3 Qb6 14. 0-0 g6 15. b4 Kg7 16. Be3 Qd8 17. Nd4 h5 18. Rac1 Nh6 19. h3 Rc8 20. f4 h4 21. Kh2 Rxc1 22. Rxc1 Qb8 23. Qd2 Rc8 24. Bf2 Rxc1 25. Qxc1 Qd8 26. Qe1 Ng8 27. Nf3 Bc6 28. Bxh4 d4 29. Bxe7 Nxe7 30. Ng5 Ng8 31. Qh4 Qe7 32. Qh7+ Kf8 33. Qh8 f5 34. exf6 1-0

[Event "Drammen Autumn"]
[Site "Drammen"]
[Date "2010.11.16"]
[Round "8"]
[White "Egede Nissen, Bjorn"]
[Black "Edvardsen, Ragnar"]
[Result "1/2-1/2"]
[WhiteElo "1890"]
[BlackElo "1898"]
[PlyCount "83"]
[EventDate "2010.09.07"]
[EventType "swiss"]
[EventRounds "9"]
[EventCountry "NOR"]
[SourceTitle "EXT 2024"]
[Source "ChessBase"]
[SourceDate "2023.10.10"]
[SourceVersion "1"]
[SourceVersionDate "2023.10.10"]
[SourceQuality "1"]

1. Nf3 c5 2. c4 Nc6 3. Nc3 e5 4. e3 Nf6 5. d4 cxd4 6. exd4 exd4 7. Nxd4 Bc5 8. Nb3 Bb4 9. Bd2 0-0 10. Be2 d5 11. cxd5 Nxd5 12. 0-0 Nxc3 13. bxc3 Be7 14. Qc2 g6 15. Bh6 Bf5 16. Qb2 Re8 17. Rfd1 Qc7 18. Nd4 Nxd4 19. cxd4 Bd6 20. h3 Qe7 21. Be3 Rac8 22. Bd3 Bxd3 23. Rxd3 b6 24. Rc1 Qe4 25. Rdc3 Rcd8 26. Qc2 f5 27. Qxe4 Rxe4 28. f3 Ree8 29. Bg5 Rd7 30. Rc8 Rxc8 31. Rxc8+ Kf7 32. Kf2 Ke6 33. Ke3 Kd5 34. Kd3 Be7 35. Bd2 Bf6 36. Be3 Bg7 37. a4 Bf6 38. Rc2 Bd8 39. Rc8 Bf6 40. Bf2 Bd8 41. Bg3 Bf6 42. Bf2 1/2-1/2

[Event "Drammen Autumn"]
[Site "Drammen"]
[Date "2010.10.19"]
[Round "5"]
[White "Roholdt, Njaal"]
[Black "Egede Nissen, Bjorn"]
[Result "0-1"]
[WhiteElo "1334"]
[BlackElo "1890"]
[PlyCount "88"]
[EventDate "2010.09.07"]
[EventType "swiss"]
[EventRounds "9"]
[EventCountry "NOR"]
[SourceTitle "EXT 2024"]
[Source "ChessBase"]
[SourceDate "2023.10.10"]
[SourceVersion "1"]
[SourceVersionDate "2023.10.10"]
[SourceQuality "1"]

1. e4 d5 2. exd5 Qxd5 3. Nf3 Bg4 4. Nc3 Qa5 5. d4 Nf6 6. Bd2 Qb6 7. Bd3 Nbd7 8. 0-0 h6 9. Re1 a6 10. Na4 Qc6 11. c4 Bxf3 12. gxf3 0-0-0 13. a3 g6 14. d5 Qd6 15. b4 e6 16. b5 axb5 17. cxb5 Qxd5 18. Re3 Bd6 19. Nc3 Qh5 20. Kf1 Qxh2 21. Ke2 Nh5 22. Qa4 Nf4+ 23. Kd1 Nc5 24. Qa7 Nfxd3 25. Kc2 Kd7 26. Ne4 Ra8 27. Nf6+ Ke7 28. Nd5+ Kf8 29. Qxa8+ Kg7 30. Bc3+ e5 31. Qa5 Qxf2+ 32. Bd2 c6 33. bxc6 bxc6 34. Nc3 Nf4 35. Ne4 Nxe4 36. Rxe4 Qxf3 37. Rxe5 Qd3+ 38. Kd1 Nd5 39. Re2 Bc7 40. Qc5 Rd8 41. Rc1 Bf4 42. Ke1 Bxd2+ 43. Rxd2 Re8+ 44. Kd1 Ne3+ 0-1

[Event "Drammens CC-ch"]
[Site "Drammen"]
[Date "2010.03.09"]
[Round "6"]
[White "Edvardsen, Ragnar"]
[Black "Egede Nissen, Bjorn"]
[Result "0-1"]
[WhiteElo "1886"]
[BlackElo "1875"]
[PlyCount "92"]
[EventDate "2010.01.12"]
[EventType "tourn"]
[EventRounds "7"]
[EventCountry "NOR"]
[SourceTitle "EXT 2024"]
[Source "ChessBase"]
[SourceDate "2023.10.10"]
[SourceVersion "1"]
[SourceVersionDate "2023.10.10"]
[SourceQuality "1"]

1. e4 Nc6 2. Nf3 e6 3. Bb5 a6 4. Ba4 Nf6 5. d3 Be7 6. c4 0-0 7. 0-0 d6 8. Nc3 e5 9. h3 h6 10. Nd5 Nxd5 11. cxd5 Nb8 12. d4 exd4 13. Nxd4 Bf6 14. Be3 Nd7 15. b4 Ne5 16. Rc1 Bd7 17. Bb3 Re8 18. f4 Ng6 19. Qd3 Rc8 20. a4 Qe7 21. Bc2 Qf8 22. Nf3 Qe7 23. e5 dxe5 24. Bc5 e4 25. Qc4 Qd8 26. Bxe4 Bxa4 27. Rfe1 Bb5 28. Qa2 Nxf4 29. Rcd1 Qd7 30. Qb1 g6 31. d6 c6 32. h4 Bg7 33. Nd4 Bc4 34. Qc2 Bd5 35. Bxd5 Nxd5 36. Qf2 b6 37. Nxc6 Rxe1+ 38. Rxe1 Rxc6 39. Bd4 Bxd4 40. Qxd4 Rxd6 41. Rd1 Qd8 42. g3 Rd7 43. Rf1 Ne7 44. Qf4 Nf5 45. h5 Rd4 46. Qe5 Rd3 0-1

[Event "EU-chT Railways USIC"]
[Site "Dresden"]
[Date "2000.06.21"]
[Round "2.2"]
[White "Egede Nissen, Bjorn"]
[Black "Natri, Antero"]
[Result "1/2-1/2"]
[WhiteElo "1999"]
[BlackElo "2206"]
[PlyCount "49"]
[EventDate "2000.06.19"]
[EventType "team-swiss"]
[EventRounds "7"]
[EventCountry "GER"]
[SourceTitle "EXT 2002"]
[Source "ChessBase"]
[SourceDate "2001.11.25"]
[SourceVersion "1"]
[SourceVersionDate "2001.11.25"]
[SourceQuality "1"]
[WhiteTeam "Norway (USIC)"]
[BlackTeam "Finland (USIC)"]
[WhiteTeamCountry "NOR"]
[BlackTeamCountry "FIN"]

1. d4 d6 2. e4 Nf6 3. Nc3 c6 4. f4 Qa5 5. Bd3 e5 6. Nf3 Bg4 7. dxe5 dxe5 8. fxe5 Nfd7 9. Bf4 Nxe5 10. Bxe5 Bxf3 11. Qxf3 Qxe5 12. 0-0-0 Nd7 13. Bc4 Qg5+ 14. Kb1 Ne5 15. Qh3 Qg4 16. Qxg4 Nxg4 17. Rd2 Ne5 18. Bb3 Bb4 19. h3 Ke7 20. Rhd1 Rad8 21. Rxd8 Rxd8 22. Rxd8 Kxd8 23. Ne2 Bd2 24. Nd4 g6 25. Nf3 1/2-1/2

[Event "EU-chT Railways USIC"]
[Site "Dresden"]
[Date "2000.06.21"]
[Round "3.2"]
[White "Egede Nissen, Bjorn"]
[Black "Veselsky, Jozef"]
[Result "0-1"]
[WhiteElo "1999"]
[BlackElo "2239"]
[PlyCount "88"]
[EventDate "2000.06.19"]
[EventType "team-swiss"]
[EventRounds "7"]
[EventCountry "GER"]
[SourceTitle "EXT 2002"]
[Source "ChessBase"]
[SourceDate "2001.11.25"]
[SourceVersion "1"]
[SourceVersionDate "2001.11.25"]
[SourceQuality "1"]
[WhiteTeam "Norway (USIC)"]
[BlackTeam "Slovakia (USIC)"]
[WhiteTeamCountry "NOR"]
[BlackTeamCountry "SVK"]

1. e4 c5 2. Nf3 Nc6 3. d4 cxd4 4. Nxd4 Nf6 5. Nc3 g6 6. Be3 Bg7 7. Be2 0-0 8. 0-0 d5 9. Nxc6 bxc6 10. e5 Nd7 11. f4 e6 12. Na4 Qa5 13. b3 Rd8 14. Bd2 Qc7 15. Qe1 a5 16. Kh1 Bf8 17. c4 Nc5 18. Nxc5 Bxc5 19. Rc1 Qb6 20. Rf3 Be7 21. cxd5 cxd5 22. Rfc3 Bd7 23. Rc7 Bb4 24. Bxb4 axb4 25. Qh4 Rdc8 26. Rxc8+ Rxc8 27. Rxc8+ Bxc8 28. h3 Qc7 29. Bf3 Ba6 30. Qf6 Bd3 31. h4 Bf5 32. Kh2 h5 33. Qg5 Kf8 34. Be2 Qe7 35. Qg3 d4 36. Bd1 d3 37. Qf2 Kg7 38. g3 Qd7 39. Qc5 Bg4 40. Qd6 Qxd6 41. exd6 Kf8 42. Bxg4 hxg4 43. h5 d2 44. h6 d1Q 0-1